| 000 -CABECERA |
| fixed length control field |
01317nam a22002297a 4500 |
| 003 - IDENTIFICADOR DEL NÚMERO DE CONTROL |
| control field |
AR-CdUCM |
| 008 - DATOS DE LONGITUD FIJA--INFORMACIÓN GENERAL |
| fixed length control field |
190318b ||||| |||| 00| 0 spa d |
| 040 ## - FUENTE DE LA CATALOGACIÓN |
| Agencia/entidad que catalogó originalmente la obra |
MUNICIPALIDAD PROVINCIAL DEL CUSCO |
| Entidad que transcribió la catalogación |
BIBLIOTECA MUNICIPAL DEL CUSCO |
| 082 ## - NÚMERO DE LA CLASIFICACIÓN DECIMAL DEWEY |
| No. de Clasificación |
036 / |
| Notacion interna |
C95 |
| No. de la edición |
3ed. |
| 110 ## - ENTRADA PRINCIPAL--NOMBRE DE ENTIDAD CORPORATIVA |
| Nombre de la institución, jurisdicción como entrada principal |
Editorial Cumbre S.A. |
| 9 (RLIN) |
18411 |
| 245 ## - MENCIÓN DE TÍTULO |
| Título |
Enciclopédica ilustrada cumbre : |
| Resto del título |
Lo esencial de los conocimientos actuales en forma clara, sustancial y amena / |
| 260 ## - PUBLICACIÓN, DISTRIBUCIÓN, ETC. |
| Lugar de publicación, distribución, etc. |
México D. F. : |
| Nombre de la editorial, distribuidor, etc. |
Cumbres, |
| Fecha de publicación, distribución, etc. |
1962. |
| 300 ## - DESCRIPCIÓN FÍSICA |
| Nº de Páginas Extensión |
14 tomos ; |
| Otros detalles físicos |
ilustraciones, retratos, laminas, diagramas, mapas, |
| Dimensiones |
26 cm. |
| 505 ## - NOTA DE CONTENIDO CON FORMATO |
| Nota de contenido formateada |
Contenido: t.1: Aarón-Azulejos -- t.2: Baal, Bell o Belus -- t.3: Caaba-Cyrano de Bergerac -- t.4: Chabrier Alejandro-Extramaunción -- t.5: FAbiana, Sociedad-Gumán y Pimentel Gaspar de -- t.6: Haakón VII rey de Noruega-Iztaccíhuatl -- t.7: Jabali-Lluvia artificail -- t.8: Macabeos-Mutualidad -- t.9: Naba-Ozono -- t.10: Paasikivi, Juho K.-Pu Yi Henry -- t.11: Quadrado y Fernández de Anguda-Ryukyu -- t.12: Saadi-Szent-Gyorgy Alberto -- t.13: Taba-Tyndall Juan -- t.14: Ubangui-Zworykin. |
| 650 ## - PUNTO DE ACCESO ADICIONAL DE MATERIA--TÉRMINO DE MATERIA |
| Descriptor |
Enciclopedias |
| 9 (RLIN) |
6681 |
| 650 ## - PUNTO DE ACCESO ADICIONAL DE MATERIA--TÉRMINO DE MATERIA |
| Descriptor |
Diccionarios |
| 9 (RLIN) |
5105 |
| 650 ## - PUNTO DE ACCESO ADICIONAL DE MATERIA--TÉRMINO DE MATERIA |
| Descriptor |
Cultura general |
| 9 (RLIN) |
6239 |
| 700 ## - PUNTO DE ACCESO ADICIONAL--NOMBRE DE PERSONA |
| Nombre Personal |
Pastor, Julio (coordinación) |
| 9 (RLIN) |
18412 |
| 942 ## - ELEMENTOS DE PUNTO DE ACCESO ADICIONAL (KOHA) |
| Fuente de clasificación |
|
| Tipo de item |
Libros-BMC |
| 945 ## - PROCESAMIENTO DE INFORMACIÓN LOCAL (OCLC) |
| Catalogador |
achl |